<?xml version="1.0" encoding="UTF-8"?>
<record
    xmlns:xsi="http://www.w3.org/2001/XMLSchema-instance"
    xsi:schemaLocation="http://www.loc.gov/MARC21/slim http://www.loc.gov/standards/marcxml/schema/MARC21slim.xsd"
    xmlns="http://www.loc.gov/MARC21/slim">

  <leader>00570nam a22001697a 4500</leader>
  <controlfield tag="005">20250203105505.0</controlfield>
  <controlfield tag="008">250203b        |||||||| |||| 00| 0 eng d</controlfield>
  <datafield tag="041" ind1=" " ind2=" ">
    <subfield code="a">eng</subfield>
  </datafield>
  <datafield tag="082" ind1=" " ind2=" ">
    <subfield code="a">712</subfield>
    <subfield code="b">ASW</subfield>
  </datafield>
  <datafield tag="100" ind1=" " ind2=" ">
    <subfield code="a">Aswalkar Sejal</subfield>
    <subfield code="9">211186</subfield>
  </datafield>
  <datafield tag="245" ind1=" " ind2=" ">
    <subfield code="a">Mumbai Centrfal  Park: reactivating Urban Space Through Masterplan Proposal For Mahalaxmi  RacecourseMumbai</subfield>
  </datafield>
  <datafield tag="260" ind1=" " ind2=" ">
    <subfield code="a">Pune</subfield>
    <subfield code="b">BNCA M arch Landscape Architecture</subfield>
    <subfield code="c">28/01/2025</subfield>
  </datafield>
  <datafield tag="300" ind1=" " ind2=" ">
    <subfield code="a">55pages</subfield>
    <subfield code="b">Pb</subfield>
    <subfield code="c">29.5 x 29.5</subfield>
  </datafield>
  <datafield tag="365" ind1=" " ind2=" ">
    <subfield code="a">INR</subfield>
    <subfield code="b">150.00</subfield>
    <subfield code="c">Rupaye</subfield>
  </datafield>
  <datafield tag="500" ind1=" " ind2=" ">
    <subfield code="a">BNCA M Arch Landscape Architecrure Thesis</subfield>
  </datafield>
  <datafield tag="942" ind1=" " ind2=" ">
    <subfield code="c">PR</subfield>
  </datafield>
  <datafield tag="999" ind1=" " ind2=" ">
    <subfield code="c">364963</subfield>
    <subfield code="d">364963</subfield>
  </datafield>
  <datafield tag="952" ind1=" " ind2=" ">
    <subfield code="0">0</subfield>
    <subfield code="1">0</subfield>
    <subfield code="2">ddc</subfield>
    <subfield code="4">0</subfield>
    <subfield code="7">3</subfield>
    <subfield code="a">BNCA</subfield>
    <subfield code="b">BNCA</subfield>
    <subfield code="d">2025-02-03</subfield>
    <subfield code="e">M.Arch. LAndscape</subfield>
    <subfield code="g">150.00</subfield>
    <subfield code="l">0</subfield>
    <subfield code="o">712 ASW</subfield>
    <subfield code="p">BNCA-PR-2279</subfield>
    <subfield code="r">2025-02-03 00:00:00</subfield>
    <subfield code="v">150.00</subfield>
    <subfield code="w">2025-02-03</subfield>
    <subfield code="y">PR</subfield>
  </datafield>
</record>
